| 000 | 00601nam a2200217 a 4500 | ||
|---|---|---|---|
| 001 | BRL_1838 | ||
| 005 | 20190320211406.0 | ||
| 008 | 070815s1993----mx-ao#####---#000-0#spa-# | ||
| 020 | _a968295892X | ||
| 041 | _aspa | ||
| 044 | _amx | ||
| 050 | 4 |
_aQ180 _b.P746 1993 |
|
| 245 | 1 | 0 | _aPremio nacional de ciencias y artes, 1991-1992 |
| 260 |
_aMéxico _bConsejo del Premio Nacional de Ciencias y Arte : SEP _c1993 |
||
| 300 |
_a158 p. _bil. _c21 cm. |
||
| 500 | _aAu1829 | ||
| 650 | 1 | 4 |
_aCiencia _xPremios _zMéxico _928014 |
| 650 | 1 | 4 |
_aArte _xPremios _zMéxico _928015 |
| 902 | _aGRL | ||
| 942 |
_2lcc _cB |
||
| 999 |
_c10646 _d10646 |
||